000 00241nam a2200097Ia 4500
001 683131
005 20250826161432.0
008 250824s9999 xx 000 0 und d
245 0 _aNUN MASALLARI
_cNAZAN BEKİROĞLU
260 _bTİMAŞ YAYINLARI
999 _c683131
_d683131